000 00623nam a22002297a 4500
003 UA-OsUOA
001 98882
007 ta
008 20130419b un ||||| |||| 00| 0 ukr d
100 _aРоманушко М.
090 _a821.161.1
_bР69
942 _cBK
040 _aUA-OsUOA
_brus
_cUA-OsUOA
_dUA-OsUOA
245 _aМой путь к тебе
_bхристианская лирика
300 _a62 с.
955 _a3
041 _arus
080 _a821.161.1
260 _bСветильник
_c1995
650 7 _a82 Література. Літературознавство
_2UDC
999 _c385247
_d385247